Stations de la ligne D du tramway de Bordeaux - Statistiques

Statistiques générales
  • Ce quiz a été pris 20 fois
  • Le résultat moyen est 19 sur 24
Statistiques - réponses
Hint Réponse % Correct
C F Carle Vernet
100%
Eysines Cantinolle
92%
Fondaudège Museum
92%
C F SNCF Gare Saint-Jean
92%
C E Place de la Bourse
92%
A C E F Porte de Bourgogne
92%
B C E Quinconces
92%
C F Belcier
85%
Hippodrome
85%
C F Tauzia
85%
Barrière du Médoc
77%
Calypso
77%
Champ de Courses / Treulon
77%
Les Écus
77%
Mairie du Bouscat
77%
C F Sainte-Croix
77%
SNCF Sainte-Germaine
77%
C F Saint-Michel
77%
Croix de Seguey
69%
Courbet
62%
Eysines Centre
62%
Picot
62%
Les Sources
54%
Simone Veil
54%
Aucun quiz correspondant
Distribution des résultats
% des personnes avec chaque résultat
Percentile par nombre de réponses
Votre historique - résultats
Vous n’avez pas pris ce quiz